Clic Qui nous a fait voyager dans le temps au cinéma ? - Statistiques

Statistiques générales
  • Ce quiz a été pris 24 fois
  • Le résultat moyen est 9 sur 30
Statistiques - réponses
Hint Réponse % Correct
Interstellar Christopher Nolan
86%
Terminator James Cameron
86%
Les Visiteurs (3 films) Jean-Marie Poiré
77%
Retour vers le futur Robert Zemeckis
73%
L'Armée des douze singes Terry Gilliam
64%
Harry Potter et le prisonnier d’Azkaban Alfonso Cuaron
59%
Les Rois mages Didier Bourdon & Bernard Campan
59%
Camille redouble Noémie Lvovsky
45%
Evil Dead 3 Sam Raimi
45%
Peut-être Cédric Klapisch
41%
Bis Dominique Farrugia
32%
Je t'aime, je t'aime Alain Resnais
27%
Men in black 3 Barry Sonnenfeld
27%
Un jour sans fin Harold Ramis
23%
Peggy Sue s'est mariée Francis Ford Coppola
18%
François 1er Christian-Jaque
14%
La machine à explorer le temps Simon Wells
14%
La Colle Alexandre Castagnetti
9%
Au-delà du temps Bruce Seth Green
9%
C'est arrivé demain René Clair
9%
Nimitz, retour vers l'enfer Don Taylor
5%
12 h 01, prisonnier du temps Jack Sholder
5%
Star Trek : Premier Contact Jonathan Frakes
5%
Les guerriers de l'apocalypse Kosei Saito
5%
Rétroaction Louis Morneau
5%
C'était demain Nicholas Meyer
5%
Le voyageur imprudent Pierre Tchernia
5%
Chasseurs de frissons Mario Azzopardi
0%
Deuxième vie Patrick Braoudé
0%
Prisonniers du temps Richard Donner
0%
Aucun quiz correspondant
Distribution des résultats
% des personnes avec chaque résultat
Percentile par nombre de réponses
Votre historique - résultats
Vous n’avez pas pris ce quiz